コンテンツを見る

Физико-химические основы технологии столярно-строительных изделий: методические указания по самостоятельному изучению дисциплины для студентов направления 250400 «Технология лесозаготовительных и деревоперерабатывающих производств»

В методических указаниях представлена программа дисциплины, методические указания по ее самостоятельному изучению, контрольные вопросы для самостоятельной проверки знаний, дан список рекомендуемой литературы....

詳細記述

保存先:
書誌詳細
第一著者: Чубинский А. Н.
その他の著者: Варанкина Г. С., Федяев А. А.
フォーマット: Книга
言語:Russian
出版事項: Санкт-Петербург СПбГЛТУ 2013
オンライン・アクセス:http://e.lanbook.com/books/element.php?pl1_id=45421
https://e.lanbook.com/img/cover/book/45421.jpg
タグ: タグ追加
タグなし, このレコードへの初めてのタグを付けませんか!
LEADER 01806nam0a2200253 i 4500
001 45421
003 RuSpLAN
005 20221220173923.0
008 221220s2013 ru gs 000 0 rus
040 |a RuSpLAN 
041 0 |a rus 
044 |a ru 
245 0 0 |a Физико-химические основы технологии столярно-строительных изделий: методические указания по самостоятельному изучению дисциплины для студентов направления 250400 «Технология лесозаготовительных и деревоперерабатывающих производств»  |c Чубинский А. Н.,Варанкина Г. С.,Федяев А. А. 
260 |a Санкт-Петербург  |b СПбГЛТУ  |c 2013 
300 |a 20 с. 
504 |a Библиогр.: доступна в карточке книги, на сайте ЭБС Лань 
520 8 |a В методических указаниях представлена программа дисциплины, методические указания по ее самостоятельному изучению, контрольные вопросы для самостоятельной проверки знаний, дан список рекомендуемой литературы. 
521 8 |a Книга из коллекции СПбГЛТУ - Лесное хозяйство и лесоинженерное дело 
100 1 |a Чубинский А. Н. 
700 1 |a Варанкина Г. С. 
700 1 |a Федяев А. А. 
856 4 |u http://e.lanbook.com/books/element.php?pl1_id=45421 
856 4 8 |u https://e.lanbook.com/img/cover/book/45421.jpg 
953 |a https://e.lanbook.com/img/cover/book/45421.jpg